LIBRARY & INFORMATION CENTRE, KCAET, TAVANUR

ONLINE PUBLIC ACCESS CATALOGUE (OPAC)

Poetic image / (Record no. 3494)

MARC details
000 -LEADER
fixed length control field 00393cam a2200169ua 4500
041 ## - LANGUAGE CODE
Language code of text/sound track or separate title eng
082 ## - DEWEY DECIMAL CLASSIFICATION NUMBER
Classification number 828.09
Item number LEW/PO
100 ## - MAIN ENTRY--AUTHOR NAME
Personal name Lewis , Day C.
245 ## - TITLE STATEMENT
Title Poetic image /
250 ## - EDITION STATEMENT
Edition statement 1 /
260 ## - PUBLICATION, DISTRIBUTION, ETC. (IMPRINT)
Place of publication London :
Name of publisher Jonathan Cape ,
Year of publication 1961.
300 ## - PHYSICAL DESCRIPTION
Number of Pages 157 ; .
942 ## - ADDED ENTRY ELEMENTS (KOHA)
Koha item type Books
Holdings
Withdrawn status Lost status Damaged status Home library Current library Date acquired Full call number Accession Number Koha item type Public note
Withdrawn     KAUAET KAUAET 07/04/2012 828.09 3986 Books Deleted
Withdrawn     KAUAET Malayalam University 07/04/2012 828.09 11622 Books  
free website counter